[Event "KAZ-ch U16"]
[Site "Ak Bulak"]
[Date "2022.03.22"]
[Round "4"]
[White "Sabitov, Ilyas"]
[Black "Nessipbayev, Bekmukhamed"]
[Result "1/2-1/2"]
[WhiteElo "1846"]
[BlackElo "1674"]
[PlyCount "133"]
[EventDate "2022.03.20"]
[EventType "swiss"]
[EventRounds "9"]
[EventCountry "KAZ"]
[SourceTitle "EXT 2023"]
[Source "ChessBase"]
[SourceDate "2022.10.05"]
[SourceVersion "1"]
[SourceVersionDate "2022.10.05"]
[SourceQuality "1"]

1. e4 c6 2. d4 d5 3. e5 c5 4. c3 Nc6 5. dxc5 e6 6. b4 Nxe5 7. Nf3 Nxf3+ 8. Qxf3 Nf6 9. Bf4 Be7 10. Bd3 0-0 11. 0-0 a5 12. Nd2 d4 13. Nc4 Qd5 14. Qe2 Bd8 15. Rfd1 b6 16. Nd6 axb4 17. cxb4 bxc5 18. bxc5 Ba5 19. Rab1 Bc3 20. Ne4 Nxe4 21. Bxe4 Rxa2 22. Bxd5 Rxe2 23. Bc4 Rb2 24. Rxb2 Bxb2 25. Bd6 Re8 26. Rb1 Bc3 27. Bb5 Rd8 28. Be7 Rd5 29. Bc4 Re5 30. Kf1 f6 31. Bd6 Rd5 32. Bxd5 Ba6+ 33. Kg1 exd5 34. c6 d3 35. Bf4 d2 36. Bxd2 Bxd2 37. Ra1 Bb5 38. c7 Bd7 39. Rd1 Bf4 40. Rxd5 Bxc7 41. Rxd7 Be5 42. g3 Bc3 43. Rb7 h5 44. Kg2 Kh7 45. h4 Kg6 46. f3 Be1 47. Kh3 Bd2 48. g4 Bh6 49. Rb6 Bf4 50. Rb5 hxg4+ 51. fxg4 Kh6 52. Kg2 Bd2 53. Kf3 Be1 54. Ke4 Kg6 55. h5+ Kh6 56. Kf5 Bd2 57. Rb8 Kh7 58. Ke6 Bg5 59. Kf7 Bf4 60. Rg8 Bh6 61. Kf8 g6+ 62. Kf7 gxh5 63. gxh5 f5 64. Rg6 f4 65. Rf6 Bg5 66. Rf5 Kh6 67. Rxf4 1/2-1/2